000 00771nas a2200229 4500
001 BR9700938
003 BR-BrBNA
005 20231205100038.0
007 ta
008 230509b bl.|||p| |||| 00| 00por d
040 _aBR-BrBNA
_bpor
_cBiblioteca Nacional de Agricultura
041 _a(Pt)
072 _aK10
100 1 _aMattei, V.L.
245 1 _aEfeito do periodo de colheita na longevidade de sementes de timbuva (Quiliaja brasiliensis Martius)
650 _aColheita
650 _aPau-de-Sabao
773 0 _tRevista Brasileira de Agrociencia (Brazil)
_xISSN 0104-8996
_g(Sep-Dec 1995), v. 1(3) p. 133-136
_wBR9700938
856 4 0 _uhttp://www.ufpel.tche.br/faem/agrociencia/v1n3/v1n33.htm
909 _a202311
_bLúcia
_c55
_dLúcia Elande
942 _2AGRIS
_n0
_cANA
999 _c154094
_d154094